Charita se ziskem
Cause related marketing (CRM) - marketingové aktivity firmy spojené s verejne prospešnou akciou. Možnosť odlíšiť sa od konkurencie a zvýšiť predaj. Pozitívny vplyv Cause related marketingu na zamestnancov firmy. Príklady z praxe: Ostrovy života, Bezpečne za volantom a Senior telefón. Záujem spotreb...
Salvato in:
| Autore principale: | |
|---|---|
| Natura: | Capitolo di libro |
| Lingua: | ceco |
| Soggetti: | |
| Tags: |
Nessun Tag, puoi essere il primo ad aggiungerne!!
|
MARC
| LEADER | 00000naa$a2200000$$$4500 | ||
|---|---|---|---|
| 001 | 0064261 | ||
| 005 | 20231016105755.8 | ||
| 041 | 0 | |a cze | |
| 044 | |a CZ | ||
| 245 | 1 | 0 | |a Charita se ziskem |c Radka Pokorná |
| 520 | |a Cause related marketing (CRM) - marketingové aktivity firmy spojené s verejne prospešnou akciou. Možnosť odlíšiť sa od konkurencie a zvýšiť predaj. Pozitívny vplyv Cause related marketingu na zamestnancov firmy. Príklady z praxe: Ostrovy života, Bezpečne za volantom a Senior telefón. Záujem spotrebiteľov o takéto marketingové aktivity. | ||
| 610 | 2 | 0 | |a marketing |
| 610 | 2 | 0 | |a nástroje marketingové |
| 610 | 2 | 0 | |a komunikácia |
| 610 | 2 | 0 | |a spotrebitelia |
| 610 | 2 | 0 | |a firmy |
| 610 | 2 | 0 | |a predaj |
| 610 | 2 | 0 | |a sponzorovanie |
| 610 | 2 | 0 | |a zisk |
| 100 | 1 | |a Pokorná, Radka | |